ஈழத்து இலக்கண ஆளுமைகள் - l சுன்னாகம் அ. குமாரசுவாமிப்புலவரின்: இலக்கணசந்திரிகை, வினைப்பகுபதவிளக்கம்/

Saved in:
Bibliographic Details
Main Author: குமாரசுவாமி, அ.
Format: Book
Language:English
Tamil
Published: கொழும்பு: குமரன் புத்தக இல்லம், 2008
Subjects:
Tags: Add Tag
No Tags, Be the first to tag this record!

MARC

LEADER 00000nam a22000007a 4500
005 20260410100032.0
008 260410b |||||||| |||| 00| 0 eng d
020 |a 9789556591453 
041 |a tam  |h tam 
082 |a 494.811  |b குமார 
100 |a குமாரசுவாமி, அ.  |9 117158 
245 |a ஈழத்து இலக்கண ஆளுமைகள் - l சுன்னாகம் அ. குமாரசுவாமிப்புலவரின்:  |b இலக்கணசந்திரிகை, வினைப்பகுபதவிளக்கம்/  |c அ.குமாரசுவாமி. 
260 |a கொழும்பு:  |b குமரன் புத்தக இல்லம்,   |c 2008 
300 |a iv,131p.:  |b ;  |c 21.cm 
500 |a Purchased 
650 |a தமிழ்மொழி 
942 |c BK 
999 |c 71213  |d 71213